Lenguas y protolenguas / (Record no. 104189)

MARC details
000 -LEADER
campo de control de longitud fija 00605nam a2200193 i 4500
001 - NÚMERO DE CONTROL
campo de control 104189
003 - IDENTIFICADOR DE NÚMERO DE CONTROL
campo de control ES-MaACL
005 - FECHA Y HORA DE LA ÚLTIMA TRANSACCIÓN
campo de control 20250712081859.0
007 - CAMPO FIJO DE DESCRIPCIÓN FÍSICA--INFORMACIÓN GENERAL
campo de control de longitud fija t|
008 - DATOS DE LONGITUD FIJA--INFORMACIÓN GENERAL
campo de control de longitud fija 051124s1963 sp ||||1| spa d
100 1# - ENTRADA PRINCIPAL--NOMBRE DE PERSONA
Nombre de persona Michelena, Luis.
9 (RLIN) 80916
245 10 - MENCIÓN DEL TÍTULO
Título Lenguas y protolenguas /
Mención de responsabilidad, etc. Luis Michelena.
260 ## - PUBLICACIÓN, DISTRIBUCIÓN, ETC.
Lugar de publicación, distribución, etc. Salamanca :
Nombre del editor, distribuidor, etc. [s.n.],
Fecha de publicación, distribución, etc. 1963 (
Fabricante Gráf. Cervantes)
300 ## - DESCRIPCIÓN FÍSICA
Extensión 87 p. ;
Dimensiones 25 cm.
490 1# - MENCIÓN DE SERIE
Mención de serie Acta Salmanticensia. Filosofía y letras ;
Designación de volumen o secuencia 2 ;
-- XVII
830 00 - PUNTO DE ACCESO ADICIONAL DE SERIE-TÍTULO UNIFORME
Título uniforme Acta Salmanticensia
Designación de volumen o secuencia 2 ;
-- XVII
9 (RLIN) 181394
852 ## - LOCALIZACIÓN
Ubicación ES-MaACL
Número de control de estantería C-23451
Sublocalización o colección R.51982
Holdings
Estatus retirado Estado de pérdida Estado de daño No para préstamo Biblioteca de origen Biblioteca actual Ubicación en estantería Fecha de adquisición Fuente de adquisición Total de préstamos Signatura topográfica completa Código de barras Visto por última vez Precio de reemplazo Tipo de ítem Koha
        Biblioteca del Ateneo de Madrid Biblioteca del Ateneo de Madrid Depósito 2 17/01/2008     C-23451 1108781 23/02/2023 23/02/2023 Libro impreso